Správa audítora z pohľadu Medzinárodných audítorských štandardov (ISA)

Potreba vzniku auditu. Funkcia auditu. Správa audítora. Smernice a zákony týkajúce sa audítorstva. Dôležitým medzníkom pri vypracúvaní správy audítora bolo prijatie ISA - Medzinárodných audítorských štandardov za národné štandardy - krok ku globalizácii a harmonizácii účtovníctva a audítorstva u nás...

Ausführliche Beschreibung

Gespeichert in:
Bibliographische Detailangaben
1. Verfasser: Kareš, Ladislav
Format: Buchkapitel
Sprache:Slowakisch
Schlagworte:
Tags: Tag hinzufügen
Keine Tags, Fügen Sie das erste Tag hinzu!

MARC

LEADER 00000naa$a2200000$$$4500
001 0013660
005 20240502071358.7
041 0 |a slo 
044 |a SK 
245 1 0 |a Správa audítora z pohľadu Medzinárodných audítorských štandardov (ISA)  |c aut. Ladislav Kareš 
520 |a Potreba vzniku auditu. Funkcia auditu. Správa audítora. Smernice a zákony týkajúce sa audítorstva. Dôležitým medzníkom pri vypracúvaní správy audítora bolo prijatie ISA - Medzinárodných audítorských štandardov za národné štandardy - krok ku globalizácii a harmonizácii účtovníctva a audítorstva u nás. Problematiku audítorskej správy spracúva predovšetkým ISA 700 - Správa audítora o finančných výkazoch. 
610 2 0 |a audit 
610 2 0 |a audítori 
610 2 0 |a revízia účtovná 
610 2 0 |a smernice 
610 2 0 |a zákony 
610 2 0 |a štandardy audítorské medzinárodné 
610 2 0 |a ISA 
100 1 |a Kareš, Ladislav